Capitais do mundo mais perto de Mascate - Statistics

Estatísticas Gerais
  • Esse quiz foi jogado 51 vezes
  • A pontuação média é 13 de 20
Estatísticas das Respostas
km capital % Correto
1191 Riade
98%
1503 Teerã
90%
1740 Bagdá
85%
418 Abu Dhabi
83%
719 Doha
83%
1816 Islamabad
80%
1747 Saná
80%
840 Manama
78%
1954 Nova Deli
70%
1602 Cabul
68%
1217 Kuweit
60%
2030 Baku
50%
2374 Tbilisi
50%
2392 Amã
48%
2257 Erevan
45%
2210 Tashkent
45%
1595 Asgabate
43%
2233 Asmara
43%
1927 Duchambé
40%
2098 Djibouti
35%
Nenhum quiz correspondente encontrado
Distribuição das Pontuações
Porcentagem de Pessoas com Cada Pontuação
Percentil de Números Respondidos
Sua Pontuação Histórica
Você não jogou esse quiz